| 000 | 00827nam a2200181Ia 4500 | ||
|---|---|---|---|
| 008 | 100920s9999 xx 000 0 und d | ||
| 082 |
_b71017 _a891.463.1 थ 98 |
||
| 100 | _aसंपा.खोले विलास. | ||
| 245 | _aराजेन्द्र बनहट्टी यांच्या निवडक दीर्घकथा. | ||
| 260 |
_bप्रतिमा प्रकाशन, पुणे. _c1998 |
||
| 300 |
_a320 _bसाधी |
||
| 365 | _b225 | ||
| 520 | _aलघुकथा. | ||
| 630 | _aराजेन्द्र बनहट्टी यांच्या निवडक दीर्घकथा. | ||
| 650 | _aलघुकथा. | ||
| 730 | _aराजेन्द्र बनहट्टी यांच्या निवडक दीर्घकथा. | ||
| 942 | _cBOOK | ||
| 999 |
_c712968 _d712965 |
||